F1 Podiums 2011 - Statistics

General Stats
  • This quiz has been taken 585 times
  • The average score is 7 of 8
Answer Stats
Answer % Correct
Sebastian Vettel
100%
Fernando Alonso
99%
Lewis Hamilton
99%
Mark Webber
99%
Jenson Button
96%
Felipe Massa
90%
Vitaly Petrov
58%
Nick Heidfeld
57%
No matching quizzes found
Score Distribution
Percent of People with Each Score
Percentile by Number Answered
Your Score History
You have not taken this quiz